Životné prostredie Slovenskej republiky

Guardado en:
Detalles Bibliográficos
Formato: Libro
Lenguaje:eslovaco
Publicado: Bratislava : Ministerstvo životného prostredia SR, 1998
Etiquetas: Agregar Etiqueta
Sin Etiquetas, Sea el primero en etiquetar este registro!

MARC

LEADER 00000nam a22000003a 4500
001 stu126331
005 20150408163012.7
008 060918s1998----xo------------------slo-d
020 |a 80-88833-08-6 
040 |a STU  |b slo 
041 0 |a slo 
044 |a xo 
080 |a 504 
245 |a Životné prostredie Slovenskej republiky 
260 |a Bratislava :  |b Ministerstvo životného prostredia SR,  |c 1998 
300 |a 111 s.;tab.,obr.,schémy 
996 |b 284V026737  |c V*8784/K-1891  |l VVT  |s A  |a 24  |w stu126331_0001